| 000 | 00661nam a22001937a 4500 | ||
|---|---|---|---|
| 005 | 20251108165359.0 | ||
| 008 | 250721s9999 xx 000 0 ara d | ||
| 082 | 1 | 4 | _aم/922.13/ذهب |
| 100 | 1 | _aالذهبي، شمس الدين أبو عبد الله محمد بن أحمد ... الشافعي | |
| 245 | 1 | 0 | _aميزان الإعتدال في نقد الرجال / |
| 264 | 1 |
_aبيروت : _bدار المعرفة، _c[19-]. |
|
| 300 | _a4مج | ||
| 650 | 1 | 7 | _aرواية الحديث |
| 650 | 1 | 7 | _aالحديث الشريف |
| 650 | 1 | 7 | _aالتراجم |
| 700 | 1 |
_aالبجاوي، علي محمد _eتحقيق |
|
| 942 |
_2ddc _cREF |
||
| 999 |
_c26523 _d26523 |
||